000 00266nam a2200097Ia 4500
001 646997
005 20250826153654.0
008 250824s9999 xx 000 0 und d
245 0 _aAdli Araştırmalar Doğa Anlatıyor
_cLeela Burnscott
260 _bTÜBİTAK YAYINLARI
999 _c646997
_d646997